Values Begin at Home (Record no. 8683)

MARC details
000 -LEADER
fixed length control field 00568nam a2200241 a 4500
020 ## - INTERNATIONAL STANDARD BOOK NUMBER
ISBN
082 00 - DEWEY DECIMAL CLASSIFICATION NUMBER
Classification number 248.4
Author Cutter WAR
100 ## - MAIN ENTRY--AUTHOR NAME
Author name Ward, Ted
245 ## - TITLE STATEMENT
Title Values Begin at Home
260 ## - PUBLICATION, DISTRIBUTION, ETC. (IMPRINT)
Place of publication U S A
Name of publisher Victor Books
Year of publication 1981
300 ## - PHYSICAL DESCRIPTION
Number of Pages 120p
500 ## - GENERAL NOTE
General note includes index and biblioraphy
505 2# - FORMATTED CONTENTS NOTE
Formatted contents note Glossary, Bibliography
650 ## - SUBJECT ADDED ENTRY--TOPICAL TERM
Topical Term Christian-Family
942 ## - ADDED ENTRY ELEMENTS (KOHA)
Koha item type Books
700 1# -
-- Ward, Ted
Holdings
Collection code Home library Current library Date acquired Cost, normal purchase price Full call number Accession Number Koha item type
  Henry Martyn Institute Library Henry Martyn Institute Library 07/09/2007 193.55 248.4 WAR 010259 Books
                   Copyright © 2026 | Henry Martyn Institute | Hyderabad | TS-500052 | INDIA | Implemented by hmi.edu.in
Hit-Count:

Powered by Koha